000 02044nam a2200385 c 4500
003 BLK
005 20180422102429.0
008 180408b bul|||||r ||||||| ||bul||
010 _aKNG00065443000
020 _a954-02-0003-2
_bиздат.: Наука и изкуство - (многотомно изд.)
020 _a954-02-0004-2
_bиздат.: Наука и изкуство - на том
040 _aBLK
041 _aBUL
_cBUL
080 _aМатематика
_b51
_x(075.4)
_z51(075.4)
080 _aАлгебра (Основи и логика вж 510)
_b512
_x(075.4)
_z512(075.4)
700 1 _aКючуков, Александър Николаев
_eавт. на том
_9366704
139 _a[Четиридесет и една] 41 лекции по математика за зрелостници и кандидат-студенти
_bЧ 75
245 1 0 _a[Четиридесет и една] 41 лекции по математика за зрелостници и кандидат-студенти
_bКн. 1 - За том: Лекции 1 - 3
_cавт. на том Александър Николаев Кючуков.
_nКн. 1
_pЛинейни уравнения и неравенства
257 _aBGR
260 София
_c1991 -
300 _c22 см
380 _a5
500 _aСПЕЦ. ФОНД - Ч
650 4 _aМатематика
_9161297
650 4 _aНеравенства [мат.]
_9164180
653 _aматематика
653 _aнеравенства
653 _aучебни помагала
760 1 _3- (многотомно изд.)
_dНаука и изкуство, 1991
_h48 с. : с черт., 22 см
_nДруги авт. Б. Лазаров, И. Трендафилов, Й. Табов, П. Кошлуков. - 10 070 тир.
_tКн. 1 Линейни уравнения и неравенства
852 _aЦб 167596
856 4 _qpdf
_u
856 4 _qpdf
_u
942 _cKNG
_n0
944 _aCR
_c13.06.2004
_kКети_Илиева
944 _aED
_c22.10.2015
_kРадостина_Карадакова
999 _c61247
_d61247